| 000 | 00907nam a22002177a 4500 | ||
|---|---|---|---|
| 003 | DO-SdBNP | ||
| 005 | 20220531084023.0 | ||
| 007 | ta | ||
| 008 | 211109b2017 dr a|||| |||| 00| 0 spa d | ||
| 040 |
_aDO-SdBNP _bspa _cBNPHU |
||
| 245 | 1 | 0 |
_aCarmen Natalia, en el país de las hadas : _bpoemas / _cCarmen Natalia ; cuidado de la edición y labor editorial Ad Honorem: Ylonka Nacidit-Perdomo. |
| 260 |
_aSanto Domingo : _bSantuario, _c2017. |
||
| 300 |
_a19 p. ; _c23 cm. |
||
| 490 | 1 | _aMartínez Bonilla | |
| 500 | _aHerederos de Carmen Natalia Martínez Bonilla. Edición postuma autorizada por su hermana Isabel (Isabelita), Martínez Bonilla. | ||
| 505 | 0 |
_aCaperucita Roja -- _tCaperucita Azul -- _tDulce Blanca Nieves -- _tPlegaria -- _tLa bella durmiente -- _tPatito feo -- |
|
| 590 | _aInventariado, 2021 /LP | ||
| 830 | 0 |
_aMartínez Bonilla _980534 |
|
| 910 | _aLopérez | ||
| 942 |
_2ddc _cLBS1 |
||
| 999 |
_c50891 _d50891 |
||